000 00454nam a2200193Ia 4500
005 20250425162701.0
008 250425s9999 xx 000 0 und d
020 _a9711022435
041 _aeng
082 _a594.11
245 0 _aBIVALVE MOLLUSC CULTURE RESEARCH IN THAILAND
250 _aS.E
260 _aEstados Unidos
_bICLARM
_c1988
260 _aNEW YORK
300 _a170
650 _aMOLUSCOS BIVALVE
942 _c01
010 _a96611
999 _c234290
_d234290